000 00967nam a2200313 i 4500
003 EG-GICUC
005 20260426103651.0
008 260426s1967 fr a|||fr|| 00| 0 fre d
040 _aEG-GiCUC
_bfre
_cEG-GiCUC
_dEG-GiCUC
_eRda
041 0 _afre
082 0 4 _221
_a343.3
_bCO
092 0 4 _221
099 _aLaw1 10 343.3 CO 1967
110 _kDalloz (Librairie)
245 1 0 _aCode d’instruction criminelle et Code pénal /
_cLibrairie Dalloz
264 1 _aParis :
_bLibrairie Dalloz,
_c1967.
300 _a894 page ;
_c 24 cm.
336 _2rda contenu
_a texte
337 _2rda medias
_aOrdinateur
338 _2 transporteur rda
_a Ressource en ligne
500 _a
504 _aComprend des références bibliographiques et un index.
546 _aTexte en français
650 1 4 _aCriminal Law
_2qrmak
651 1 _2qrmak
856 4 0 _uhttps://fll.law.cu.edu.eg/fulltext/bks/B10-10555.pdf
905 _a74
942 _2ddc
_n0
_cBK
_e21
999 _c73434
_d73434